| 000 | 00000cam 2200000zi 4500 |
| 001 | 9.963150 |
| 003 | CaOODSP |
| 005 | 20260528142657 |
| 006 | m o d f |
| 007 | cr |n||||||||| |
| 008 | 260528e202605##oncd ob f|0| 0 eng d |
| 040 | |aCaOODSP|beng|erda|cCaOODSP |
| 043 | |an-cn---|an-us |
| 086 | 1 |aXC76-1/1-451-4E-PDF |
| 110 | 1 |aCanada. |bParliament. |bHouse of Commons. |bStanding Committee on Public Safety and National Security, |eauthor, |eissuing body. |
| 245 | 10|aCanada - United States border management / |cHonourable Jean-Yves Duclos, chair. |
| 264 | 1|a[Ottawa] : |bHouse of Commons, Canada = Chambre des communes, Canada, |cMay 2026. |
| 300 | |a1 online resource (xi, 77 pages) : |bcharts. |
| 336 | |atext|btxt|2rdacontent |
| 337 | |acomputer|bc|2rdamedia |
| 338 | |aonline resource|bcr|2rdacarrier |
| 490 | 1 |aReport of the Standing Committee on Public Safety and National Security ; |v4th report, 45th Parliament, 1st Session |
| 500 | |aIssued also in French under title: Gestion de la frontière canado-américaine. |
| 504 | |aIncludes bibliographical references. |
| 650 | 0|aBorder security|zCanada. |
| 650 | 0|aBorder security|zUnited States. |
| 700 | 1 |aDuclos, Jean-Yves. |
| 775 | 08|tGestion de la frontière canado-américaine / |w(CaOODSP)9.963151 |
| 830 | #0|aReport of the Standing Committee on Public Safety and National Security ;|v4th report, 45th Parliament, 1st Session.|w(CaOODSP)9.507002 |
| 856 | 40|qPDF|s3.56 MB|uhttps://publications.gc.ca/collections/collection_2026/parl/xc76-1/XC76-1-1-451-4-eng.pdf |
| 856 | 4 |qHTML|sN/A|uhttps://www.ourcommons.ca/documentviewer/en/45-1/SECU/report-4 |